[Event "Karl Mala Memorial op-B 17th"]
[Site "Frankfurt"]
[Date "2014.08.01"]
[Round "3"]
[White "Dietrich, Klaus"]
[Black "Bischoff, Lars Kim"]
[Result "0-1"]
[WhiteElo "775"]
[BlackElo "1062"]
[PlyCount "72"]
[EventDate "2014.07.31"]
[EventType "swiss"]
[EventRounds "7"]
[EventCountry "GER"]
[SourceTitle "EXT 2015"]
[Source "ChessBase"]
[SourceDate "2014.11.20"]
[SourceVersion "1"]
[SourceVersionDate "2014.11.20"]
[SourceQuality "1"]

1. e4 e5 2. Nf3 Nc6 3. Nc3 Bb4 4. a3 Bxc3 5. dxc3 d6 6. Be3 Bg4 7. Be2 Nf6 8. Bd3 d5 9. exd5 Nxd5 10. Be4 Bxf3 11. Bxf3 0-0 12. 0-0 Re8 13. Bxd5 e4 14. Bxc6 bxc6 15. Qd2 Qf6 16. Bd4 Rad8 17. Rad1 Qg6 18. Qe2 Qf5 19. Rfe1 c5 20. Bxc5 Qxc5 21. Qe3 Qb5 22. b4 Qa4 23. c4 Qxc2 24. Rc1 Qa2 25. Qxa7 e3 26. fxe3 Rd2 27. Qxc7 Rxg2+ 28. Kh1 h6 29. Qxf7+ Kh7 30. Qf4 Rxe3 31. Rg1 Rf2 32. Qd6 Rf6 33. Rg2 Re2 34. Rxe2 Qxe2 35. Qb8 Rf1+ 36. Rxf1 Qxf1# 0-1

[Event "Rhein Main op-B 17th"]
[Site "Bad Homburg"]
[Date "2014.06.22"]
[Round "7"]
[White "Bischoff, Lars Kim"]
[Black "Urbach, Jens"]
[Result "0-1"]
[WhiteElo "933"]
[BlackElo "1600"]
[PlyCount "60"]
[EventDate "2014.06.18"]
[EventType "swiss"]
[EventRounds "9"]
[EventCountry "GER"]
[SourceTitle "CBM 161 Extra"]
[Source "ChessBase"]
[SourceDate "2014.08.29"]
[SourceVersion "1"]
[SourceVersionDate "2014.08.29"]
[SourceQuality "1"]

1. d4 Nf6 2. Bf4 d5 3. e3 e6 4. Nd2 c5 5. c3 Nc6 6. Ngf3 cxd4 7. cxd4 Bd7 8. a3 Nh5 9. Bg5 Be7 10. Bxe7 Qxe7 11. Bb5 Nf6 12. Bxc6 bxc6 13. Rc1 0-0 14. 0-0 Rfc8 15. Ne5 c5 16. Ndf3 Bb5 17. Re1 c4 18. Ng5 Be8 19. Ng4 Nxg4 20. Qxg4 h6 21. Nh3 Bd7 22. Qg3 Rab8 23. Rb1 Ba4 24. Nf4 Bc2 25. Nh5 Bg6 26. Qe5 f6 27. Nxf6+ Qxf6 28. Qxf6 gxf6 29. Ra1 Rxb2 30. Rac1 c3 0-1

[Event "Rhein Main op-B 17th"]
[Site "Bad Homburg"]
[Date "2014.06.20"]
[Round "4"]
[White "Papadopoulos, Ioannis1"]
[Black "Bischoff, Lars Kim"]
[Result "0-1"]
[WhiteElo "1422"]
[BlackElo "933"]
[PlyCount "48"]
[EventDate "2014.06.18"]
[EventType "swiss"]
[EventRounds "9"]
[EventCountry "GER"]
[SourceTitle "CBM 161 Extra"]
[Source "ChessBase"]
[SourceDate "2014.08.29"]
[SourceVersion "1"]
[SourceVersionDate "2014.08.29"]
[SourceQuality "1"]

1. e4 e5 2. Nf3 Nc6 3. d4 exd4 4. Bc4 h6 5. Nxd4 Bc5 6. Be3 Qf6 7. c3 Nge7 8. 0-0 0-0 9. Re1 d6 10. Nxc6 Nxc6 11. Bxc5 dxc5 12. Nd2 Qg6 13. Bb3 Bh3 14. Qf3 Bg4 15. Qg3 Qh5 16. h3 Be6 17. Bxe6 fxe6 18. Qxc7 Ne5 19. Qa5 Rad8 20. Nb3 c4 21. Nd4 Nf3+ 22. Nxf3 Qxa5 23. Nd4 Qb6 24. f3 e5 0-1

[Event "Karl Mala Memorial op-B 16th"]
[Site "Frankfurt"]
[Date "2013.07.11"]
[Round "1"]
[White "Bischoff, Lars Kim"]
[Black "Peschk, Kathrin"]
[Result "1/2-1/2"]
[WhiteElo "936"]
[BlackElo "1325"]
[PlyCount "68"]
[EventDate "2013.07.11"]
[EventType "swiss"]
[EventRounds "7"]
[EventCountry "GER"]
[SourceTitle "CBM 155 Extra"]
[Source "ChessBase"]
[SourceDate "2013.08.26"]
[SourceVersion "1"]
[SourceVersionDate "2013.08.26"]
[SourceQuality "1"]

1. d4 d5 2. c4 e6 3. Bf4 Nf6 4. e3 Bd6 5. Bxd6 Qxd6 6. c5 Qd8 7. Nf3 Nc6 8. Bb5 Bd7 9. 0-0 0-0 10. Bd3 Re8 11. Nc3 b6 12. cxb6 axb6 13. e4 Nb4 14. e5 Ne4 15. Nxe4 dxe4 16. Bxe4 Rxa2 17. Bxh7+ Kf8 18. Rxa2 Nxa2 19. Qb3 g6 20. Bxg6 fxg6 21. Qxa2 Bc6 22. Qa3+ Kg7 23. Rd1 Bxf3 24. Qxf3 Rf8 25. Qc6 Qc8 26. h3 Rf7 27. d5 Qd7 28. Qc4 exd5 29. Rxd5 Qf5 30. Qd4 Kh6 31. Qh4+ Qh5 32. Qxh5+ gxh5 33. e6 Re7 34. Re5 Kg6 1/2-1/2

[Event "Rhein Main op-B 16th"]
[Site "Bad Homburg"]
[Date "2013.06.01"]
[Round "5"]
[White "Bischoff, Lars Kim"]
[Black "Peschk, Kathrin"]
[Result "1/2-1/2"]
[WhiteElo "923"]
[BlackElo "1325"]
[PlyCount "71"]
[EventDate "2013.05.29"]
[EventType "swiss"]
[EventRounds "7"]
[EventCountry "GER"]
[SourceTitle "EXT 2014"]
[Source "ChessBase"]
[SourceDate "2013.11.20"]
[SourceVersion "1"]
[SourceVersionDate "2013.11.20"]
[SourceQuality "1"]

1. d4 d5 2. c4 e6 3. Nc3 Bb4 4. Bd2 Nf6 5. e3 0-0 6. Nf3 Nc6 7. a3 Bxc3 8. Bxc3 Bd7 9. Bd3 Re8 10. 0-0 dxc4 11. Bxc4 Ne4 12. Qd3 Nxc3 13. Qxc3 Ne7 14. e4 Ng6 15. Rfe1 Nf4 16. Qe3 Ng6 17. e5 Bc6 18. Rad1 Bxf3 19. Qxf3 Nh4 20. Qxb7 Rb8 21. Qxa7 Qg5 22. g3 Nf3+ 23. Kf1 Nxe1 24. Rxe1 Rxb2 25. Qxc7 Qd2 26. Be2 Rc2 27. Qd7 Rec8 28. Qb5 Rc1 29. Rxc1 Rxc1+ 30. Kg2 g6 31. a4 Rc2 32. Qd7 Qxe2 33. Qd8+ Kg7 34. Qf6+ Kf8 35. Qd8+ Kg7 36. Qf6+ 1/2-1/2

[Event "Karl Mala Memorial op 15th"]
[Site "Frankfurt"]
[Date "2012.07.06"]
[Round "2"]
[White "Bischoff, Lars Kim"]
[Black "Wachsmann, Dietmar"]
[Result "0-1"]
[WhiteElo "917"]
[BlackElo "1614"]
[PlyCount "44"]
[EventDate "2012.07.05"]
[EventType "swiss"]
[EventRounds "7"]
[EventCountry "GER"]
[SourceTitle "CBM 149 Extra"]
[Source "ChessBase"]
[SourceDate "2012.08.24"]
[SourceVersion "1"]
[SourceVersionDate "2012.08.24"]
[SourceQuality "1"]

1. d4 Nf6 2. Nc3 d5 3. Nf3 g6 4. Bg5 Bg7 5. Bxf6 exf6 6. Qd3 0-0 7. Nxd5 Qxd5 8. e4 Re8 9. Nd2 f5 10. e5 Nc6 11. c3 f6 12. f4 Bh6 13. Qe3 fxe5 14. c4 Qxd4 15. Qxd4 exf4+ 16. Kd1 Nxd4 17. Bd3 Bd7 18. g3 Bc6 19. Rg1 f3 20. Rf1 Be3 21. b3 f2 22. Kc1 Nf3 0-1